[Event "BPB Limburg open C"]
[Site "Maastricht"]
[Date "2014.06.08"]
[Round "5"]
[White "Heijenrath, Jan"]
[Black "De Jong, Lucas"]
[Result "1-0"]
[WhiteElo "1740"]
[BlackElo "1585"]
[PlyCount "45"]
[EventDate "2014.06.06"]
[EventType "swiss"]
[EventRounds "7"]
[EventCountry "NED"]
[Source "P.Boonen"]
[SourceDate "2014.10.10"]

1. e4 c5 2. Nf3 e6 3. d4 cxd4 4. Nxd4 Nc6 5. Be2 Nf6 6. Nc3 Qc7 7. O-O a6 8.
Be3 Bb4 9. f3 Bxc3 10. bxc3 d5 11. Nxc6 bxc6 12. Bc5 dxe4 13. Qd2 Bb7 14. Rfd1
Rd8 15. Qg5 Rg8 16. Rxd8+ Qxd8 17. Rd1 Qa5 18. fxe4 h6 19. Qe3 Nd7 20. Bd6 Qb6
21. Qxb6 Nxb6 22. Rb1 Nc8 23. Rxb7 1-0

[Event "BPB Limburg open C"]
[Site "Maastricht"]
[Date "2014.06.08"]
[Round "5"]
[White "Heman, Frans"]
[Black "Callebaut, Giovanni"]
[Result "1-0"]
[WhiteElo "1549"]
[BlackElo "1598"]
[PlyCount "93"]
[EventDate "2014.06.06"]
[EventType "swiss"]
[EventRounds "7"]
[EventCountry "NED"]
[Source "P.Boonen"]
[SourceDate "2014.10.10"]

1. f4 c5 2. Nf3 Nc6 3. e3 g6 4. Bb5 Bg7 5. Bxc6 bxc6 6. O-O d5 7. d3 Qc7 8. Qe1
Ba6 9. Nbd2 e6 10. Rb1 Ne7 11. b3 Rd8 12. Bb2 d4 13. Ne4 Nf5 14. Nxc5 Qb6 15.
Nxa6 Qxa6 16. exd4 Nxd4 17. Nxd4 Bxd4+ 18. Bxd4 Rxd4 19. Qe5 Qb6 20. Qxh8+ Ke7
21. Kh1 h5 22. Qe5 a5 23. Rfe1 Qb4 24. Re4 Rxe4 25. Qxe4 Qc3 26. Qc4 Qd2 27.
Rf1 Qe2 28. d4 Qe4 29. Qc5+ Ke8 30. h3 h4 31. Qc3 Kd7 32. Qd3 Qd5 33. c4 Qh5
34. Qf3 Qf5 35. d5 cxd5 36. cxd5 exd5 37. Qg4 Qxg4 38. hxg4 Ke6 39. Re1+ Kf6
40. Re5 g5 41. Rxg5 d4 42. Rd5 Kg6 43. Rxd4 f5 44. g5 Kh5 45. Rd6 h3 46. gxh3
a4 47. Rh6# 1-0

[Event "BPB Limburg open C"]
[Site "Maastricht"]
[Date "2014.06.08"]
[Round "5"]
[White "Heuts, Guido"]
[Black "Lennartz, Tim"]
[Result "0-1"]
[WhiteElo "1345"]
[BlackElo "1087"]
[PlyCount "64"]
[EventDate "2014.06.06"]
[EventType "swiss"]
[EventRounds "7"]
[EventCountry "NED"]
[Source "P.Boonen"]
[SourceDate "2014.10.10"]

1. d4 e5 2. d5 c6 3. Nc3 Nf6 4. dxc6 Nxc6 5. e4 Bb4 6. Nge2 Nxe4 7. a3 Bc5 8.
Nxe4 Bb6 9. N2c3 O-O 10. Be2 Ne7 11. O-O d5 12. Ng3 d4 13. Nce4 f5 14. Bc4+ Kh8
15. Ng5 Nd5 16. Re1 e4 17. b4 f4 18. N3xe4 h6 19. Nf3 Re8 20. Nxd4 Nf6 21. Nc5
Rxe1+ 22. Qxe1 Qxd4 23. c3 Qxc4 24. Bb2 Bxc5 25. bxc5 Qxc5 26. c4 Qg5 27. Rd1
Bh3 28. g3 Re8 29. Qc3 Qh5 30. Qd4 Bg4 31. Rd3 Re1+ 32. Kg2 Bh3# 0-1

[Event "BPB Limburg open C"]
[Site "Maastricht"]
[Date "2014.06.08"]
[Round "5"]
[White "Katoen, Tom"]
[Black "Ten Have, Dimitri"]
[Result "1-0"]
[WhiteElo "1398"]
[BlackElo "1041"]
[PlyCount "65"]
[EventDate "2014.06.06"]
[EventType "swiss"]
[EventRounds "7"]
[EventCountry "NED"]
[Source "P.Boonen"]
[SourceDate "2014.10.10"]

1. c4 e5 2. Nc3 Nc6 3. Nf3 Bc5 4. e3 d6 5. g3 f5 6. d4 Bb6 7. dxe5 Be6 8. exd6
Qxd6 9. Qxd6 cxd6 10. a3 Nf6 11. Be2 O-O 12. O-O Rac8 13. b3 Ne7 14. Ng5 Bd7
15. Rd1 d5 16. Nxd5 Nexd5 17. cxd5 Rc2 18. Bd3 Rc3 19. Bc4 Bd8 20. d6+ Kh8 21.
Nf7+ Kg8 22. Nxd8+ Rxc4 23. bxc4 Rxd8 24. Bb2 Ne4 25. Be5 Ba4 26. Rd5 Bb3 27.
Rc1 a6 28. f3 Ng5 29. Rd3 Ba2 30. Rd2 Bb3 31. Rb2 Ba4 32. Rxb7 Bc6 33. Rxg7+
1-0

[Event "BPB Limburg open C"]
[Site "Maastricht"]
[Date "2014.06.08"]
[Round "5"]
[White "Katranov, Lev"]
[Black "Allaart, Jesse"]
[Result "1-0"]
[WhiteElo "1429"]
[BlackElo "1101"]
[PlyCount "99"]
[EventDate "2014.06.06"]
[EventType "swiss"]
[EventRounds "7"]
[EventCountry "NED"]
[Source "P.Boonen"]
[SourceDate "2014.10.10"]

1. e4 d5 2. exd5 Qxd5 3. Nc3 Qa5 4. d4 Nf6 5. Nf3 Bg4 6. h3 Qh5 7. Be2 e6 8.
Rh2 Bf5 9. Ne5 Qh4 10. g3 Bxc2 11. gxh4 Bxd1 12. Bxd1 Bd6 13. Rg2 g6 14. Bf3 c6
15. Ne4 Nxe4 16. Bxe4 f5 17. Bd3 Bxe5 18. dxe5 Nd7 19. f4 O-O-O 20. Bc2 Nc5 21.
Be3 Nd3+ 22. Bxd3 Rxd3 23. Ke2 Rhd8 24. Rgg1 Kb8 25. Rad1 Rxd1 26. Rxd1 Rxd1
27. Kxd1 Kc7 28. Kc2 b6 29. b4 Kb7 30. a4 Ka6 31. Kc3 Kb7 32. a5 Ka6 33. Kc4
Kb7 34. axb6 axb6 35. b5 Kc7 36. bxc6 Kxc6 37. Kb4 Kd5 38. Kb5 Ke4 39. Bc1 Kf3
40. Kxb6 Kg3 41. Kc6 Kxh3 42. Kd6 Kxh4 43. Kxe6 Kg3 44. Kf6 h5 45. e6 h4 46. e7
h3 47. e8=Q h2 48. Qxg6+ Kf3 49. Qh5+ Kg2 50. Qxh2+ 1-0

[Event "BPB Limburg open C"]
[Site "Maastricht"]
[Date "2014.06.08"]
[Round "5"]
[White "Keetman, Sandra"]
[Black "Bauchmueller, Heinrich"]
[Result "1-0"]
[WhiteElo "1641"]
[BlackElo "1348"]
[PlyCount "103"]
[EventDate "2014.06.06"]
[EventType "swiss"]
[EventRounds "7"]
[EventCountry "NED"]
[Source "P.Boonen"]
[SourceDate "2014.10.10"]

1. e4 c5 2. Nc3 Nc6 3. Nf3 g6 4. Bb5 Bg7 5. O-O a6 6. Bxc6 dxc6 7. d3 Nf6 8. h3
Qc7 9. Be3 b6 10. Qd2 Nd7 11. Bf4 e5 12. Bh6 Bf6 13. Nh2 Nf8 14. Ne2 Bd7 15. a4
O-O-O 16. b4 c4 17. Be3 Qb7 18. a5 b5 19. Bb6 Re8 20. dxc4 Ne6 21. cxb5 cxb5
22. Qd3 Bd8 23. Rfd1 Bc6 24. Qc3 Bxb6 25. axb6 Qxb6 26. Rd6 Kb7 27. Rad1 Rd8
28. Qxe5 Rhe8 29. Qf6 Rf8 30. Qe7+ Qc7 31. Qxc7+ Kxc7 32. e5 Rfe8 33. Ng4 Rxd6
34. exd6+ Kd8 35. Ne5 Be4 36. Nxf7+ Kd7 37. Ne5+ Kd8 38. c3 Ng7 39. f4 Nf5 40.
Kf2 Bxg2 41. Ra1 Bb7 42. Rd1 Rf8 43. Nd4 Nxd4 44. Rxd4 g5 45. Kg3 gxf4+ 46.
Rxf4 Re8 47. Ng4 Rg8 48. Rf7 Be4 49. Kf4 Bd5 50. Rxh7 Rg6 51. Rh8+ Kd7 52. Ne5+
1-0

[Event "BPB Limburg open C"]
[Site "Maastricht"]
[Date "2014.06.08"]
[Round "5"]
[White "Krug, Franz Dieter"]
[Black "Schrijvers, Kees"]
[Result "1/2-1/2"]
[WhiteElo "1596"]
[BlackElo "1497"]
[PlyCount "72"]
[EventDate "2014.06.06"]
[EventType "swiss"]
[EventRounds "7"]
[EventCountry "NED"]
[Source "P.Boonen"]
[SourceDate "2014.10.10"]

1. d4 d5 2. c4 c6 3. Nc3 e6 4. e4 Bb4 5. e5 c5 6. Be3 cxd4 7. Bxd4 Nc6 8. a3
Nxd4 9. Qxd4 Bxc3+ 10. Qxc3 Ne7 11. Rd1 O-O 12. Nf3 b6 13. Be2 Bb7 14. O-O Ng6
15. Rd4 Qe7 16. Rfd1 Rfd8 17. b4 h6 18. Bd3 dxc4 19. Bxg6 fxg6 20. Rxd8+ Rxd8
21. Rxd8+ Qxd8 22. Qxc4 Qd1+ 23. Qf1 Bxf3 24. gxf3 Qxf3 25. Qc1 Qd5 26. Qc3 h5
27. h3 a5 28. Qc7 axb4 29. axb4 b5 30. Qd6 Qb3 31. Qc5 Qd3 32. Kg2 g5 33. Qe7
Qd5+ 34. Kg1 Qxe5 35. Qe8+ Kh7 36. Qxh5+ Kg8 1/2-1/2

[Event "BPB Limburg open C"]
[Site "Maastricht"]
[Date "2014.06.08"]
[Round "5"]
[White "Kumpen, Jona"]
[Black "Merz, Jean Philippe"]
[Result "1-0"]
[WhiteElo "1532"]
[BlackElo "1690"]
[PlyCount "45"]
[EventDate "2014.06.06"]
[EventType "swiss"]
[EventRounds "7"]
[EventCountry "NED"]
[Source "P.Boonen"]
[SourceDate "2014.10.10"]

1. d4 d5 2. Nf3 Nf6 3. e3 Bg4 4. Be2 e6 5. c4 c6 6. O-O Bd6 7. Nc3 b6 8. cxd5
exd5 9. Qb3 Qc7 10. h3 h5 11. Nd2 Bxe2 12. Nxe2 Bh2+ 13. Kh1 Ng4 14. f4 Qe7 15.
Nf3 g5 16. Nxh2 gxf4 17. Nxf4 Qh4 18. Qc2 Nd7 19. Qxc6 Nf2+ 20. Rxf2 Qxf2 21.
Qxa8+ Ke7 22. Qxh8 Nf6 23. Nxd5+ 1-0

[Event "BPB Limburg open C"]
[Site "Maastricht"]
[Date "2014.06.08"]
[Round "5"]
[White "Lammes, Pim"]
[Black "Kumpen, Kurt"]
[Result "1-0"]
[WhiteElo "1636"]
[BlackElo "1392"]
[PlyCount "73"]
[EventDate "2014.06.06"]
[EventType "swiss"]
[EventRounds "7"]
[EventCountry "NED"]
[Source "P.Boonen"]
[SourceDate "2014.10.10"]

1. e4 e6 2. d4 d5 3. e5 c5 4. Be3 c4 5. c3 Nc6 6. f4 Qb6 7. Qc2 Nge7 8. g4 f6
9. Nf3 Bd7 10. Nbd2 Qc7 11. Rb1 Nd8 12. Be2 Nf7 13. Kf2 Nc6 14. h3 a5 15. b3 b5
16. bxc4 bxc4 17. a4 Be7 18. g5 fxe5 19. fxe5 O-O 20. g6 Nh6 21. Bxh6 gxh6 22.
Rbg1 Bh4+ 23. Kf1 Rf5 24. Rg4 Qd8 25. Rhg1 Qe7 26. R1g2 h5 27. gxh7+ Kxh7 28.
Rg6 Raf8 29. Kg1 Be8 30. Rg7+ Qxg7 31. Rxg7+ Kxg7 32. Nxh4 Rg5+ 33. Ng2 Bg6 34.
Qc1 Bf5 35. h4 Rg3 36. Nf1 Rg6 37. Bxh5 1-0

[Event "BPB Limburg open C"]
[Site "Maastricht"]
[Date "2014.06.08"]
[Round "5"]
[White "Loutragotis, Dimitri"]
[Black "Schelleman, Iris"]
[Result "1-0"]
[WhiteElo "1340"]
[BlackElo "1656"]
[PlyCount "41"]
[EventDate "2014.06.06"]
[EventType "swiss"]
[EventRounds "7"]
[EventCountry "NED"]
[Source "P.Boonen"]
[SourceDate "2014.10.10"]

1. e4 e5 2. Nf3 Nc6 3. Bc4 Bc5 4. c3 Nf6 5. O-O O-O 6. d4 exd4 7. cxd4 Bb6 8.
d5 Ne7 9. e5 Ne8 10. Nc3 d6 11. e6 fxe6 12. dxe6 h6 13. Ne5 c6 14. Nf7 Qc7 15.
Bf4 Bc5 16. Ne4 Qb6 17. Qg4 Kh7 18. Bd3 g6 19. Qh4 Nf5 20. Neg5+ Kg7 21. Bxf5
1-0

[Event "BPB Limburg open C"]
[Site "Maastricht"]
[Date "2014.06.08"]
[Round "5"]
[White "Loutragotis, Marios"]
[Black "Callebaut, Katia"]
[Result "0-1"]
[WhiteElo "1000"]
[BlackElo "1236"]
[PlyCount "114"]
[EventDate "2014.06.06"]
[EventType "swiss"]
[EventRounds "7"]
[EventCountry "NED"]
[Source "P.Boonen"]
[SourceDate "2014.10.10"]

1. e4 e5 2. Nf3 Nc6 3. Bc4 Nd4 4. Nxe5 Ne6 5. d4 d6 6. Bxe6 Bxe6 7. d5 dxe5 8.
dxe6 Qxd1+ 9. Kxd1 O-O-O+ 10. Nd2 fxe6 11. b3 g5 12. Bb2 Bg7 13. Kc1 g4 14. Nc4
Rf8 15. Rf1 Bh6+ 16. Kb1 Nf6 17. Nxe5 Nxe4 18. Nxg4 Nd2+ 19. Kc1 Nxf1+ 20. Nxh6
Rxf2 21. Bxh8 Nxh2 22. Be5 Rxg2 23. Bxh2 Rxh2 24. Ng4 Rh1+ 25. Kb2 Rxa1 26.
Kxa1 h5 27. Nh2 h4 28. Kb2 Kd7 29. Kc3 Ke7 30. Kd4 Kf6 31. Ng4+ Kg5 32. Nh2 Kf4
33. a4 b6 34. b4 e5+ 35. Kd3 c5 36. bxc5 bxc5 37. Ke2 Kg3 38. Nf1+ Kg2 39. Ne3+
Kg1 40. Ng4 h3 41. Kf3 Kf1 42. Nxe5 h2 43. Ke4 h1=Q+ 44. Kd3 Qd5+ 45. Kc3 Qxe5+
46. Kc4 Qe4+ 47. Kc3 Qxa4 48. Kd2 Kf2 49. c3 Qf4+ 50. Kc2 c4 51. Kb2 Qd2+ 52.
Ka3 Qxc3+ 53. Ka4 Qb3+ 54. Ka5 c3 55. Ka6 c2 56. Kxa7 c1=Q 57. Ka6 Qa1# 0-1

[Event "BPB Limburg open C"]
[Site "Maastricht"]
[Date "2014.06.08"]
[Round "5"]
[White "Loutragotis, Paraske"]
[Black "De Bruin, Joost"]
[Result "1-0"]
[WhiteElo "1570"]
[BlackElo "1724"]
[PlyCount "47"]
[EventDate "2014.06.06"]
[EventType "swiss"]
[EventRounds "7"]
[EventCountry "NED"]
[Source "P.Boonen"]
[SourceDate "2014.10.10"]

1. d4 Nf6 2. c4 c5 3. Nf3 cxd4 4. Nxd4 e5 5. Nf3 e4 6. Nd4 Bc5 7. Nc3 O-O 8.
Bg5 Qb6 9. Bxf6 Qxf6 10. e3 Bb4 11. Qc2 Re8 12. Ndb5 Na6 13. Rd1 d6 14. Be2 Qg6
15. Kf1 Be6 16. h4 Bxc3 17. Qxc3 Rad8 18. h5 Qg5 19. Nxd6 Bg4 20. Rd5 Bxe2+ 21.
Kxe2 Qxg2 22. Nxe8 Rxd5 23. cxd5 Qxh1 24. Qxg7# 1-0

[Event "BPB Limburg open C"]
[Site "Maastricht"]
[Date "2014.06.08"]
[Round "5"]
[White "Mertens, Yannick"]
[Black "Heinen, Dai"]
[Result "0-1"]
[WhiteElo "1711"]
[BlackElo "1603"]
[PlyCount "112"]
[EventDate "2014.06.06"]
[EventType "swiss"]
[EventRounds "7"]
[EventCountry "NED"]
[Source "P.Boonen"]
[SourceDate "2014.10.10"]

1. Nf3 e6 2. g3 Nf6 3. d3 d5 4. Nbd2 Be7 5. Bg2 O-O 6. O-O b6 7. e4 dxe4 8.
dxe4 Bb7 9. Re1 Nbd7 10. e5 Nd5 11. c3 c5 12. Qc2 Re8 13. Ne4 Nf8 14. Rd1 Qc7
15. a3 c4 16. Nd4 Qxe5 17. f4 Qc7 18. Nf3 b5 19. Qe2 Nf6 20. Nxf6+ Bxf6 21. Be3
a6 22. Bd4 Bxd4+ 23. Rxd4 Rad8 24. Rxd8 Rxd8 25. Rd1 Ng6 26. Rd2 Ne7 27. Rxd8+
Qxd8 28. Qd2 Qxd2 29. Nxd2 Bxg2 30. Kxg2 Nd5 31. Kf2 f6 32. Ne4 Kf7 33. Nc5 Nc7
34. a4 Ke7 35. axb5 axb5 36. Ne4 h6 37. Kf3 g6 38. Ke3 e5 39. Nf2 exf4+ 40.
Kxf4 Ke6 41. Ke4 f5+ 42. Kd4 Kd6 43. h4 Ne6+ 44. Ke3 Ke5 45. Nh3 g5 46. hxg5
hxg5 47. Nf2 Nc5 48. Kf3 Na4 49. Nd1 g4+ 50. Ke3 Nb6 51. Nf2 Nd5+ 52. Ke2 b4
53. Kd2 bxc3+ 54. bxc3 Nf6 55. Ke3 Nh5 56. Nh1 Nxg3 0-1

[Event "BPB Limburg open C"]
[Site "Maastricht"]
[Date "2014.06.08"]
[Round "5"]
[White "Mitran, Ovi"]
[Black "Reichardt, Monica"]
[Result "0-1"]
[WhiteElo "1612"]
[BlackElo "1447"]
[PlyCount "72"]
[EventDate "2014.06.06"]
[EventType "swiss"]
[EventRounds "7"]
[EventCountry "NED"]
[Source "P.Boonen"]
[SourceDate "2014.10.10"]

1. c4 f5 2. d4 Nf6 3. Nc3 e6 4. Nf3 Be7 5. Bf4 O-O 6. e3 d6 7. b4 Nbd7 8. Ng5
Nb6 9. c5 Nbd5 10. Qb3 Nxc3 11. Nxe6 Bxe6 12. Qxe6+ Kh8 13. Qxf5 Ncd5 14. g3
Nxb4 15. Rb1 Nfd5 16. Qe4 Rb8 17. Rb3 dxc5 18. dxc5 Nxa2 19. Bd3 Nf6 20. Qc4
Qd5 21. Qxd5 Nxd5 22. Kd2 Bxc5 23. e4 Nxf4 24. gxf4 Rxf4 25. Bb1 Rxf2+ 26. Kd3
Rf3+ 27. Kc4 Rxb3 28. Kxb3 Nb4 29. Kc4 Bd6 30. e5 Be7 31. Rf1 Kg8 32. e6 Rf8
33. Rd1 Nc6 34. Be4 Ne5+ 35. Kb5 c6+ 36. Ka5 Nc4+ 0-1

[Event "BPB Limburg open C"]
[Site "Maastricht"]
[Date "2014.06.08"]
[Round "5"]
[White "Muntean, Adrian"]
[Black "Schulte, Philipp"]
[Result "1/2-1/2"]
[WhiteElo "1000"]
[BlackElo "1417"]
[PlyCount "46"]
[EventDate "2014.06.06"]
[EventType "swiss"]
[EventRounds "7"]
[EventCountry "NED"]
[Source "P.Boonen"]
[SourceDate "2014.10.10"]

1. e4 c5 2. d4 cxd4 3. c3 dxc3 4. Nxc3 Nc6 5. Nf3 Qc7 6. Nd5 Qd8 7. Bd3 e6 8.
Nc3 d6 9. Bb5 a6 10. Ba4 b5 11. Bb3 Bb7 12. O-O Nf6 13. Bg5 Be7 14. Re1 Rc8 15.
Bc2 O-O 16. a3 Qc7 17. Qd3 Ne5 18. Nxe5 dxe5 19. Qg3 Nh5 20. Qg4 Bxg5 21. Qxg5
g6 22. Bd1 Kh8 23. Bxh5 gxh5 1/2-1/2

[Event "BPB Limburg open C"]
[Site "Maastricht"]
[Date "2014.06.08"]
[Round "5"]
[White "Nissel, Andreas"]
[Black "Katranov, Mikhail"]
[Result "1-0"]
[WhiteElo "1737"]
[BlackElo "1248"]
[PlyCount "61"]
[EventDate "2014.06.06"]
[EventType "swiss"]
[EventRounds "7"]
[EventCountry "NED"]
[Source "P.Boonen"]
[SourceDate "2014.10.10"]

1. d4 d5 2. e4 c5 3. dxc5 e6 4. exd5 Bxc5 5. Bb5+ Bd7 6. Bc4 Qf6 7. Nf3 Qf5 8.
Qe2 Ne7 9. dxe6 fxe6 10. O-O O-O 11. Bd3 Qg4 12. Bxh7+ Kh8 13. Be4 Bc6 14. Bxc6
Nbxc6 15. Be3 Bd4 16. Nxd4 Qxe2 17. Nxe2 Nb4 18. Na3 Rac8 19. c3 Nbc6 20. Nb5
a6 21. Nbd4 Nxd4 22. Bxd4 Rfe8 23. f4 Nc6 24. Rae1 Kh7 25. Rf3 Nxd4 26. Nxd4 b5
27. Nxe6 Kg8 28. Rg3 Rc6 29. f5 Kf7 30. Rxg7+ Kf6 31. g4 1-0

[Event "BPB Limburg open C"]
[Site "Maastricht"]
[Date "2014.06.08"]
[Round "5"]
[White "Olmoz Sanz, Francisco"]
[Black "Weidema, Luuk"]
[Result "1-0"]
[WhiteElo "1655"]
[BlackElo "1189"]
[PlyCount "89"]
[EventDate "2014.06.06"]
[EventType "swiss"]
[EventRounds "7"]
[EventCountry "NED"]
[Source "P.Boonen"]
[SourceDate "2014.10.10"]

1. c4 Nf6 2. Nc3 e6 3. Nf3 b6 4. e3 Ba6 5. Be2 Bd6 6. d4 c6 7. e4 Bb4 8. Qc2 d5
9. cxd5 Bxc3+ 10. bxc3 Bxe2 11. Qxe2 cxd5 12. e5 Nfd7 13. Bg5 Qc7 14. O-O Qxc3
15. Rfc1 Qxc1+ 16. Rxc1 O-O 17. Ne1 h6 18. Be7 Re8 19. Bd6 a5 20. Qb5 Ra7 21.
a4 Rd8 22. Rc7 Rxc7 23. Bxc7 Rc8 24. Bxb8 Nxb8 25. Qxb6 Nc6 26. Qb7 Ne7 27.
Qxe7 Rc4 28. Kf1 Rxd4 29. Qe8+ Kh7 30. Qxf7 Rxa4 31. Qxe6 Rd4 32. Qf5+ g6 33.
Qf7+ Kh8 34. e6 Re4 35. e7 d4 36. e8=R+ Rxe8 37. Qxe8+ Kg7 38. Qe5+ Kh7 39.
Qxd4 h5 40. Nf3 Kh6 41. Qf4+ Kg7 42. Ng5 a4 43. Ne6+ Kh7 44. Qf7+ Kh6 45. Qg7#
1-0

[Event "BPB Limburg open C"]
[Site "Maastricht"]
[Date "2014.06.08"]
[Round "5"]
[White "Oosterlinck, Freddy"]
[Black "Van Ginneken, Jos"]
[Result "0-1"]
[WhiteElo "1000"]
[BlackElo "1621"]
[PlyCount "60"]
[EventDate "2014.06.06"]
[EventType "swiss"]
[EventRounds "7"]
[EventCountry "NED"]
[Source "P.Boonen"]
[SourceDate "2014.10.10"]

1. e4 d6 2. Nf3 Nf6 3. Nc3 e5 4. Be2 Be7 5. d3 h6 6. h3 Nbd7 7. Be3 c6 8. a3 d5
9. exd5 cxd5 10. d4 e4 11. Nh2 a6 12. Qd2 b5 13. b4 Nb6 14. O-O O-O 15. f3 Bd6
16. Bxh6 gxh6 17. Qxh6 Bxh2+ 18. Kxh2 Nh7 19. fxe4 Qc7+ 20. Qf4 Qxc3 21. Qg3+
Qxg3+ 22. Kxg3 dxe4 23. Rf4 f5 24. Bh5 Nd5 25. Rh4 f4+ 26. Kh2 Nhf6 27. Bg6 Kg7
28. Bxe4 Nxe4 29. Re1 Bf5 30. c4 Rh8 0-1

[Event "BPB Limburg open C"]
[Site "Maastricht"]
[Date "2014.06.08"]
[Round "5"]
[White "Petry, Richard"]
[Black "Boesmans, Peter"]
[Result "0-1"]
[WhiteElo "1151"]
[BlackElo "1390"]
[PlyCount "69"]
[EventDate "2014.06.06"]
[EventType "swiss"]
[EventRounds "7"]
[EventCountry "NED"]
[Source "P.Boonen"]
[SourceDate "2014.10.10"]

1. d4 d5 2. Nc3 Bf5 3. e3 e6 4. Nf3 Bd6 5. Be2 Nc6 6. a3 Nf6 7. Bb5 Qd7 8. O-O
a6 9. Be2 O-O-O 10. Nh4 Bg6 11. Nf3 Kb8 12. Bd2 e5 13. dxe5 Bxe5 14. Rb1 d4 15.
exd4 Bxd4 16. Qc1 Qd6 17. b4 Be5 18. b5 axb5 19. Nxb5 Qe6 20. Be3 Nd5 21. Nxe5
Qxe5 22. Bf3 Be4 23. Bxe4 Qxe4 24. Qb2 Nxe3 25. f3 Qxc2 26. Qxc2 Nxc2 27. Rfc1
Ne3 28. a4 Rd2 29. Na3 Rxg2+ 30. Kh1 Re8 31. Rxc6 Rd8 32. Rc3 Re2 33. Rcb3 b6
34. a5 Rdd2 35. Rxb6+ 0-1

[Event "BPB Limburg open C"]
[Site "Maastricht"]
[Date "2014.06.08"]
[Round "5"]
[White "Raats, Joppe"]
[Black "Dewilde, Rudi"]
[Result "1/2-1/2"]
[WhiteElo "1150"]
[BlackElo "1190"]
[PlyCount "45"]
[EventDate "2014.06.06"]
[EventType "swiss"]
[EventRounds "7"]
[EventCountry "NED"]
[Source "P.Boonen"]
[SourceDate "2014.10.10"]

1. e4 e5 2. Nf3 Nc6 3. Bc4 Nd4 4. Nc3 b5 5. Bb3 c6 6. d3 Nxb3 7. axb3 d6 8. h3
b4 9. Ne2 a5 10. Ng3 h6 11. Be3 Nf6 12. O-O Ba6 13. Ra2 c5 14. Qd2 Bb5 15. Rfa1
Bd7 16. Kf1 g5 17. Nh2 Bg7 18. Qe2 Be6 19. Kg1 Qc7 20. Qd2 d5 21. exd5 Nxd5 22.
Ne4 Bf8 23. Kf1 1/2-1/2

[Event "BPB Limburg open C"]
[Site "Maastricht"]
[Date "2014.06.08"]
[Round "5"]
[White "Reichardt, Robin"]
[Black "Reyskens, Jules"]
[Result "1-0"]
[WhiteElo "1562"]
[BlackElo "1719"]
[PlyCount "89"]
[EventDate "2014.06.06"]
[EventType "swiss"]
[EventRounds "7"]
[EventCountry "NED"]
[Source "P.Boonen"]
[SourceDate "2014.10.10"]

1. d4 Nf6 2. c4 g6 3. Nf3 Bg7 4. Nc3 d5 5. Bf4 O-O 6. e3 c6 7. Be2 Nbd7 8. O-O
Re8 9. h3 dxc4 10. Bxc4 Nb6 11. Bb3 Nbd5 12. Nxd5 Nxd5 13. Bg3 Nf6 14. Ne5 e6
15. Qc2 Nd5 16. Rac1 Nb4 17. Qc4 Nd5 18. Rfd1 Nb6 19. Qc2 Bd7 20. Nc4 Nxc4 21.
Qxc4 Qe7 22. Rd2 e5 23. dxe5 Be6 24. Qc3 Bxb3 25. Qxb3 Bxe5 26. Bxe5 Qxe5 27.
Qxb7 Qe6 28. b3 Qc8 29. Qxc8 Rexc8 30. Rdc2 a5 31. Rxc6 Rcb8 32. R1c4 Rb4 33.
Rc8+ Rxc8 34. Rxc8+ Kg7 35. Ra8 Rb5 36. Kf1 Rc5 37. Ke1 Kf6 38. Kd2 Ke5 39. f4+
Ke4 40. Ra7 Rd5+ 41. Ke2 Rb5 42. Re7+ Kd5 43. Re5+ Kc6 44. Rxb5 Kxb5 45. a3 1-0

[Event "BPB Limburg open C"]
[Site "Maastricht"]
[Date "2014.06.08"]
[Round "5"]
[White "Schelleman, Niels"]
[Black "Smits, Marc"]
[Result "0-1"]
[WhiteElo "1521"]
[BlackElo "1532"]
[PlyCount "112"]
[EventDate "2014.06.06"]
[EventType "swiss"]
[EventRounds "7"]
[EventCountry "NED"]
[Source "P.Boonen"]
[SourceDate "2014.10.10"]

1. e4 d6 2. d4 Nf6 3. Nc3 c6 4. Nf3 Qc7 5. Be3 Nbd7 6. Be2 e5 7. dxe5 dxe5 8.
O-O Be7 9. Bd3 O-O 10. Qe2 Rd8 11. Rad1 Nc5 12. h3 Nxd3 13. cxd3 a5 14. Na4 c5
15. Rc1 b6 16. Nc3 Ba6 17. Rfd1 Rd6 18. Nxe5 Rad8 19. Rc2 Nd7 20. Nxd7 Qxd7 21.
Nd5 Rxd5 22. exd5 Qxd5 23. Rcd2 Qxa2 24. Re1 Qe6 25. Red1 Qg6 26. Bf4 Bd6 27.
Re1 Kf8 28. Bxd6+ Qxd6 29. Qe4 g6 30. Re3 Bb5 31. Qh4 Kg7 32. Qg3 Qxg3 33. Rxg3
Rd4 34. Kf1 c4 35. Ke2 cxd3+ 36. Rgxd3 Bxd3+ 37. Rxd3 Rb4 38. b3 Kf6 39. Kd2
Ke6 40. Kc3 f5 41. f3 Rb5 42. g4 Rc5+ 43. Kb2 fxg4 44. fxg4 h5 45. gxh5 gxh5
46. Rg3 Kf5 47. Ka3 Kf4 48. Rd3 b5 49. b4 axb4+ 50. Kxb4 Re5 51. Ra3 Re3 52.
Ra7 Kg3 53. Kxb5 Kxh3 54. Rh7 h4 55. Kc6 Re4 56. Kd5 Rg4 0-1

[Event "BPB Limburg open C"]
[Site "Maastricht"]
[Date "2014.06.08"]
[Round "5"]
[White "Schloesser, Matthias"]
[Black "Fortenbacher, Dominic"]
[Result "0-1"]
[WhiteElo "1583"]
[BlackElo "1337"]
[PlyCount "94"]
[EventDate "2014.06.06"]
[EventType "swiss"]
[EventRounds "7"]
[EventCountry "NED"]
[Source "P.Boonen"]
[SourceDate "2014.10.10"]

1. e4 e5 2. Nf3 Nc6 3. Bc4 Bc5 4. Nc3 Nf6 5. d3 O-O 6. Bg5 Be7 7. O-O d6 8. h3
Bd7 9. a3 a5 10. d4 Nxd4 11. Nxd4 exd4 12. Qxd4 c5 13. Qd3 h6 14. Bf4 Bc6 15.
Bb5 Nh5 16. Bh2 Rc8 17. Rad1 Re8 18. Nd5 Nf6 19. f3 Nxd5 20. Bxc6 bxc6 21. exd5
cxd5 22. Qxd5 Qb6 23. b3 Red8 24. Qc4 Bf6 25. Kh1 Qc6 26. Rd5 Rc7 27. Rfd1 Rcd7
28. b4 axb4 29. axb4 Qa4 30. c3 Be7 31. Qg4 cxb4 32. cxb4 Rb7 33. Be5 f6 34.
Qe6+ Kh8 35. Bc3 Qb3 36. Be1 Bf8 37. Qf5 Re7 38. Bg3 Red7 39. b5 Qb2 40. Rb1
Qa2 41. b6 Rc8 42. b7 Rxb7 43. Rxb7 Rc1+ 44. Kh2 Rc2 45. Bf2 Rxf2 46. Qg6 Qxd5
47. Qe8 Kg8 0-1

[Event "BPB Limburg open C"]
[Site "Maastricht"]
[Date "2014.06.08"]
[Round "5"]
[White "Seibst, Sascha"]
[Black "Terwagne, Bertrand"]
[Result "1/2-1/2"]
[WhiteElo "1585"]
[BlackElo "1654"]
[PlyCount "43"]
[EventDate "2014.06.06"]
[EventType "swiss"]
[EventRounds "7"]
[EventCountry "NED"]
[Source "P.Boonen"]
[SourceDate "2014.10.10"]

1. e4 e5 2. Nf3 Nc6 3. d4 exd4 4. Nxd4 Qh4 5. Be2 Qxe4 6. Nxc6 dxc6 7. O-O Be6
8. Nc3 Qb4 9. Bf3 Nf6 10. a3 Qd6 11. Qe2 O-O-O 12. Be3 Bd5 13. Nxd5 cxd5 14.
Bxa7 Qe6 15. Bd4 Qxe2 16. Bxe2 Ne4 17. b4 f6 18. Rfd1 c5 19. bxc5 Bxc5 20. Bxc5
Nxc5 21. f3 Na4 22. Rd3 1/2-1/2

[Event "BPB Limburg open C"]
[Site "Maastricht"]
[Date "2014.06.08"]
[Round "5"]
[White "Seip, Theo"]
[Black "Visse, Bernard"]
[Result "1-0"]
[WhiteElo "1530"]
[BlackElo "1670"]
[PlyCount "75"]
[EventDate "2014.06.06"]
[EventType "swiss"]
[EventRounds "7"]
[EventCountry "NED"]
[Source "P.Boonen"]
[SourceDate "2014.10.10"]

1. Nf3 Nf6 2. g3 e6 3. c4 d5 4. cxd5 Nxd5 5. Bg2 Nd7 6. e4 Nb4 7. d4 Be7 8. a3
Nc6 9. O-O Nf6 10. Nc3 O-O 11. b4 a6 12. Bb2 Na7 13. Rc1 Nb5 14. Nxb5 axb5 15.
Qc2 c6 16. Ne5 Ne8 17. Rfd1 f6 18. Nd3 Nd6 19. d5 Nc4 20. dxc6 Qc7 21. cxb7
Bxb7 22. Nf4 Ra6 23. a4 Rxa4 24. Nxe6 Qb8 25. Nxf8 Qxf8 26. Qb3 Rxb4 27. Qa2
Rxb2 28. Qa7 Bc6 29. Qc7 Be8 30. Bh3 Nd6 31. Be6+ Kh8 32. Ra1 Nxe4 33. Ra8 Nc5
34. Bd7 Nxd7 35. Rxd7 Re2 36. Qc8 Kg8 37. Qxe8 b4 38. Rxe7 1-0